00489nam a2200157 a 4500008004100000050001300041100001700054245008300071260003900154300001300193350000900206490004600215650003400261650001400295700002200309060616s2005 ||||||||||||||||| || u aIBRD(08) a[and others]10aGlobal logistics indicators, supply chain metrics and bilateral trade patterns aWashington, D. CbWorld Bankc2005 a29p.ill. a0.00 aWorld Bank policy research working papers aINTERNATIONAL TRADE--RESEARCH 0aECONOMICS aHausman, Warren H